00495nam a2200193 a 4500001001300000003000900013005001700022008004100039020001000080082001300090100001500103245004700118260004200165300000800207500003500215505001000250650002600260700001500286nice12345678IN_TiNIC20260116011547.0050524s0000 laha grp 000 0 eng  ac10000a282bHAR aHares, W P aInfallible Church and Her Infallible Guide aLahorebNorthern India Printingc0000 a24p aincludes index and biblioraphy2 aIndex aRoman Catholic Church1 aHares, W P